000 00484nam a22001217a 4500
040 _cSY
082 _a333
100 _aក្រសួងកសិកម្ម
245 _aគោលការណ៍ណែនាំសំរាប់ប្រព័ន្ធនៃការធ្វើផែនគ្រប់គ្រងព្រៃសម្បទាន
260 _aក្រសួងកសិកម្ម
_bក្រសួងកសិកម្ម
_cNA
300 _a122p.
942 _cKB
999 _c9912
_d9912